00587nam a22001457a 450000500170000002000230001703500130004003700110005308200100006410000520007424501700012626000780029627000150037430000520038920120320094615.0 c495.00a8126709472 aB-202990 b adpl a305.6 aवार्ष्णेय, आशुतोष1 aहिन्दु-मुस्लिम रिश्तेः नया शोध, नए निष्कर्ष /cआशुतोष वार्ष्णेय aनई दिल्लीbराजकमल प्रकाशनc2005 a b e k  a380पृ.c22सेमी (सजिल्द)